| 000 | 00681nam a2200217Ia 4500 | ||
|---|---|---|---|
| 005 | 20260429112000.0 | ||
| 008 | 260429s9999||||xx |||||||||||||| ||und|| | ||
| 020 | _a9798886130782 | ||
| 041 | _aEnglish | ||
| 082 |
_a628 _bSIN |
||
| 100 | _aSingh, D.N. | ||
| 245 | 0 |
_aEnvironmental geotechnology : _bmeeting challenges through needs-based instrumentation / _cD.N. Singh |
|
| 260 |
_aSingapore : _bWorld Scientific Publishing, _c2024. |
||
| 300 | _alix, 800 p.; pbk | ||
| 650 | _a Environmental engineering | ||
| 650 | _a Environmental geotechnology | ||
| 650 | _aSanitary engineering | ||
| 700 | _a Asadi, Afshin | ||
| 700 | _a Naga Sai, Goli Venkata Siva | ||
| 942 | _cTB | ||
| 999 |
_c51733 _d51733 |
||